000 00801nas a2200253 i 4500
001 180068
003 ES-MaACL
005 20250217134904.0
008 120411d20112013sp m| p o| ||pa d
080 _a(051)
080 _a82-32
245 0 0 _aCuentos para el andén.
260 _aMadrid :
_bGrupo Andén Comunicación,
_c2011-2013.
300 _a13 v. :
_bil. col. y n. ;
_c20 cm.
310 _aMensual
362 0 _aN. 1 (nov. 2011)-n. 13 (feb. 2013)
515 _aN. dobles en vacaciones (dic.-en. y jul.-ag.)
594 _aTítulo tomado de cub.
596 _aColaboran, en n. 1: Plan de Fomento de la Lectura, Comunidad de Madrid, Ateneo de Madrid...
650 7 _aCuentos
_2embne
_9175847
852 4 _aES-MaACL
_j2315-F-13-25
866 0 _o2011-2013
999 _c180068
_d180068